Fuego en mi ser (Record no. 17270)

MARC details
000 -LEADER
campo de control de longitud fija 00589ntaaa2200193 4500
003 - IDENTIFICADOR DE NÚMERO DE CONTROL
campo de control 01
005 - FECHA Y HORA DE LA ÚLTIMA TRANSACCIÓN
campo de control 20251027202241.0
008 - DATOS DE LONGITUD FIJA--INFORMACIÓN GENERAL
campo de control de longitud fija 0714s1973 ag 01
040 ## - FUENTE DE CATALOGACIÓN
Centro catalogador/agencia de origen AR-BaBN
Lengua de catalogación spa
Centro/agencia transcriptor AR-BaBN
Normas de descripción aacr
Centro/agencia modificador RIC
082 ## - NÚMERO DE LA CLASIFICACIÓN DECIMAL DEWEY
Número de clasificación 268.1400 M22f
100 ## - ENTRADA PRINCIPAL--NOMBRE DE PERSONA
Nombre de persona McMurray, Maria H de
245 ## - MENCIÓN DEL TÍTULO
Título Fuego en mi ser
250 ## - MENCION DE EDICION
Mención de edición 1 ed.
260 ## - PUBLICACIÓN, DISTRIBUCIÓN, ETC.
Lugar de publicación, distribución, etc. El Paso :
Nombre del editor, distribuidor, etc. Casa Bautista de Publicaciones,
Fecha de publicación, distribución, etc. 1973
300 ## - DESCRIPCIÓN FÍSICA
Extensión 80, 16 p
500 ## - NOTA GENERAL
Nota general Escuela bíblica de vacaciones. Libro de texto para el maestro, Intermedios A.Ej1 (30305) perdido y pagada 8/77
650 ## - PUNTO DE ACCESO ADICIONAL DE MATERIA--TÉRMINO DE MATERIA
Término de materia o nombre geográfico como elemento de entrada escuela bíblica de vacaciones
942 ## - ELEMENTOS DE ENTRADA SECUNDARIOS (KOHA)
Tipo de ítem Koha Colección General
Holdings
Estatus retirado Estado de pérdida Estado de daño No para préstamo Biblioteca de origen Biblioteca actual Fecha de adquisición Número de inventario Total de préstamos Signatura topográfica completa Código de barras Visto por última vez Precio de reemplazo Tipo de ítem Koha
        Biblioteca Pluis Biblioteca Pluis 27/10/2025 30305   268.1400 M22f 30305 27/10/2025 27/10/2025 Colección General
        Biblioteca Pluis Biblioteca Pluis 27/10/2025 30306     30306 27/10/2025 27/10/2025 Colección General
        Biblioteca Pluis Biblioteca Pluis 27/10/2025 30307     30307 27/10/2025 27/10/2025 Colección General
        Biblioteca Pluis Biblioteca Pluis 27/10/2025 30308     30308 27/10/2025 27/10/2025 Colección General
        Biblioteca Pluis Biblioteca Pluis 27/10/2025 30309     30309 27/10/2025 27/10/2025 Colección General
        Biblioteca Pluis Biblioteca Pluis 27/10/2025 30310     30310 27/10/2025 27/10/2025 Colección General
        Biblioteca Pluis Biblioteca Pluis 27/10/2025 30311     30311 27/10/2025 27/10/2025 Colección General
        Biblioteca Pluis Biblioteca Pluis 27/10/2025 30312     30312 27/10/2025 27/10/2025 Colección General
        Biblioteca Pluis Biblioteca Pluis 27/10/2025 30313     30313 27/10/2025 27/10/2025 Colección General
        Biblioteca Pluis Biblioteca Pluis 27/10/2025 30314     30314 27/10/2025 27/10/2025 Colección General